00594 a2200157 4500001000700000020001800007020000900025082000800034100002200042300001100064520017800075856002400253040002500277245009400302260004000396117258 a9790827355094 qenc. a372 aRaine, Shirley C. a416 p. aProvides teachers with an introduction to quality literature for children from birth to age eight, practical ideas for effective story-telling, and teacher "success" stories u000029/000029ee.jpg aBR-BrIDEAcBR-BrIDEA10aStoriesbchildren´s literature in early educationcShirley C. Raines , Rebecca T. Isbell aAlbany, NYbDelmar Publishersc1994